Animes par Emojis #1 - Statistiques

Statistiques générales
  • Ce quiz a été pris 95 fois
  • Le résultat moyen est 12 sur 18
Statistiques - réponses
Emojis Anime % Correct
🍥🦊👁️ Naruto
100%
🏴‍☠️🍖⛵ One Piece
100%
📓☠️🍎 Death Note
97%
👺⚔️🚂 Demon Slayer
97%
🐉🌌🔮 Dragon Ball Z
96%
🎣⛓️🃏 Hunter × Hunter
89%
🦸🎓💥 My Hero Academia
89%
⚽🔒🥅 Blue Lock
78%
🏇🧣💉 Attack on Titan
74%
🕵️👨‍👩‍👧🩷 Spy × Family
68%
🗡️💻❤️ Sword Art Online
61%
♾️🤞⛩️ Jujutsu Kaisen
56%
🦾⚗️🚪 Fullmetal Alchemist
54%
🎭☕😷 Tokyo Ghoul
47%
⚔️👻🧡 Bleach
46%
🪚👿🩸 Chainsaw Man
42%
🗿⭐🧛 JoJo's Bizarre Adventure
25%
⚡🐭🎒 Pokémon
21%
Aucun quiz correspondant
Distribution des résultats
% des personnes avec chaque résultat
Percentile par nombre de réponses
Votre historique - résultats
Vous n’avez pas pris ce quiz